| 000 | 00600nam a22001937a 4500 | ||
|---|---|---|---|
| 003 | BD-DhUL | ||
| 005 | 20220530152957.0 | ||
| 008 | 220131s1986 bg ||||| |||| 000 0 ben | | ||
| 040 |
_aBD-DhUL _cBD-DhUL |
||
| 082 |
_a891.443 _bMUR |
||
| 100 | 3 | _aমুক্তাদীর | |
| 245 | 0 | 0 |
_aরাহু / _cমুক্তাদীর । |
| 260 |
_aঢাকা : _bকলতান, _c১৯৮৬ । |
||
| 300 |
_a২৯৬ পৃ. ; _c২২ সেমি. |
||
| 365 |
_aBDT _b72.00 |
||
| 650 | 4 | _aবাংলা উপন্যাস । | |
| 650 | 4 | _aBengali fiction. | |
| 942 |
_2ddc _cBK |
||
| 999 |
_c255302 _d255302 |
||